The good, the bad and the very slimy

Bibliographic Details
Main Author: Stine, R.L
Corporate Author: Title
Format: Book
Published: New York : Parachute Publishing , 2005
Series:Rotten school
Subjects:

MARC

LEADER 00000cam a2200000 7i4500
001 0000002657
005 20151222.0
008 070713
020 |a 0060785926 
090 0 0 |a JF   |b ENG (3052) 
100 1 |a Stine, R.L. 
245 1 4 |a The good, the bad and the very slimy   |c R.L. Stine 
260 |a New York :   |b Parachute Publishing ,   |c 2005 
440 |a Rotten school 
500 |a Children ages 7-9 years old (orange) 
650 0 |a Junior fiction   |x English   |x Languages 
710 0 |a Title 
999 |a 0000966199   |b Book   |c Children Collection   |e Perbadanan Perpustakaan Awam Johor 
999 |a 0000966200   |b Book   |c Children Collection   |e Cawangan Batu Pahat 
999 |a 0000966201   |b Book   |c Children Collection   |e Perbadanan Perpustakaan Awam Johor